Statistieken voor Landen die vaakst Eurovisie wonnen

Klik hier om de quiz te nemen!

Algemene statistieken

  • Deze quiz is 139 keer genomen
  • De gemiddelde score is 13 van 15

Antwoordstatistieken

GewonnenLand% Correct
5Nederland
100%
7Zweden
97%
7Ierland
94%
5Frankrijk
93%
2Spanje
93%
2Duitsland
90%
5Verenigd Koninkrijk
89%
3Italië
87%
3Noorwegen
85%
2Oostenrijk
80%
3Zwitserland
79%
4Israël
74%
5Luxemburg
71%
3Oekraïne
68%
3Denemarken
65%

Scoreverdeling

Percentiel versus Aantal Correcte Antwoorden

Procent van Mensen met Elke Score

Uw Scoregeschiedenis

U heeft deze quiz nog niet genomen